02149nam a2200325 a 4500001001000000005001700010008004100027041000800068044000700076084002000083100004500103245009500148260003200243300002800275500044800303500027100751500022401022500007301246500003801319500001101357650005201368650005601420650003401476650004501510700005101555700006001606700005301666700005401719740005001773BRCA_249320190320203833.0241108s1847----sp-a---###---#000-0#spa-u aspa asp a133b.G38c18471 aCervantes Saavedra, Miguel ded1547-161610aEl Ingenioso Hidalgo Don Quijote de la Manchaccompuesto por Miguel de Cervantes Saavedra. aMadridbGaspar y Roigc1847 axl, 729 p.bil.c27 cm. aContenido : Primera parte. Retratro de Cervantes. Advertencia de los editores. Dedicatoria del autor. Prólogo del autor. Versos preliminares. Texto. Segunda parte. Dedicatoria del autor. Prólogo del autor. Observaciones de J. E. Hartzenbusch al comentario del Quijote por Clemencín. Vida de Cervantes por Quintana. La locura contagiosa por Hartzenbusch y algunas poesías dirigidas a Don Quijote y Sancho Panza por varios autores. Texto aEdición : Novísima edición clásica ilustrada. Con notas históricas, gramaticales y críticas de la Academia Española por Pellicer, Arrieta y Clemencín. Aumentada y corregida por Francisco Salas. Grabados ejecutados por los mejores artistas españoles aNotable edición con observaciones de J. Eugenio Hartzenbusch al Comentario de D. Clemencín, Vida de Cervantes, por Quintana, La locura contagiosa, pieza dramática de J. E. Hartzenbusch, etcétera Lúdovik Osterc aEstado físico : Encuadernación desprendida en la cubierta y lomo aCon ex-libris de : Dr. A. Gifré aQM116A14aNovela españolayÉpoca clásica, 1500-170014aLiteratura españolayÉpoca clásica, 1500-170014aNovela españolaySiglo XVII14aDon Quijote (Personaje ficticio)eNovela1 aQuintana, José Manueld1772-1857eBiógrafo1 aPellicer y Pilares, Juan Antoniod1738-1806eBiógrafo1 aGarcía Arrieta, Agustínd1775-1834eAnotador1 aClemencín y Viñas, Diegod1785-1834eAnotador0 aEl Ingenioso Hidalgo Don Quijote de la Mancha